000 00839nmc a2200289 a 4500
003 AR-BaBNM
005 20251128211219.0
008 203020s1972 ||||||||||||||000 | spa||
040 _cAR-BaBNM
100 1 _aCastagno, Antonio
245 1 0 _aTendencias y grupos políticos en la realidad argentina
250 _a2ª ed.
260 _aBuenos Aires
_bEudeba
_c1972
300 _a66 p.
490 0 _aArgentina
500 _aAl final de la obra se encuentra dos esquemas con información complementaria
650 4 _aHISTORIA POLITICA ARGENTINA
650 4 _aPARTIDOS POLITICOS ARGENTINOS
650 4 _aHISTORIA POLITICA
650 4 _aNACIONALISMO
650 4 _aIGLESIA Y ESTADO
650 4 _aMOVIMIENTOS REVOLUCIONARIOS
653 _aPERONISMO
653 _aTEOLOGIA DE LA LIBERACION
942 _cBK
998 _cmariana
999 _c18751
_d18751